000 00534nam a2200193Ia 4500
003 LK-CoDNM
008 010623t1973 xxu||||| |||| 00| 1 sin d
040 _aLK-CoDNM
_dLK-CoDNM
_eLK-CoDNM
041 _asin
080 _a(x) 92
_bSEN
100 _aManikka Arachchi, Sisira kumara
245 _aජාතියේ නායක සේනානායක
246 _aJathiye nayaka Senanayake
260 _bSirisoma Ranasinghe
_c1973
300 _b43, 18 cm
650 _aBiography
650 _aDadley Senanayake
942 _cBK
999 _c109136
_d109136